00281nam a2200121Ia 4500008004100000100001700041245003600058260002000094300000900114650001200123942000700135999001700142190216s9999||||xx |||||||||||||| ||und|| aStarling Sg 0aMechanical Properties Of Matter bMacmillanc1961 a336p aPhysics cBK c32799d32799